| 000 | 00775nam a2200229 a 4500 | ||
|---|---|---|---|
| 001 | 000044875 | ||
| 005 | 20240412074304.0 | ||
| 008 | 150115s2014 dr 000 p spa d | ||
| 020 | _a9789945589191 | ||
| 040 |
_aDO-SdBNP _bspa _cBNPHU |
||
| 082 |
_aRD861.44 _bP592c |
||
| 100 | 1 |
_aPichardo, Manolo _924929 |
|
| 245 | 1 | 0 |
_aCuando las palabras copulan / _cManolo Pichardo ; prólogo Mateo Morrison. |
| 260 |
_aSanto Domingo : _bSantuario, _c2014. |
||
| 300 |
_a98 p. ; _c22 cm. |
||
| 500 | _aIncluye datos biográficos del autor en la solapa de la cubierta | ||
| 590 | _aInventariado, 2018/LP | ||
| 650 | 0 |
_aPoesía dominicana _966 |
|
| 650 | 0 |
_aLiteratura dominicana. _967 |
|
| 700 | 1 | 2 |
_aMorrison, Mateo, _d1947- _epról. _91469 |
| 910 | _aValidado. Control de calidad MFF | ||
| 999 |
_c44364 _d44364 |
||